000
00315nam a2200145Ia 4500
100
_a
Hirano/ Hiroyuki
942
_c
BK
654
_a
Revolution
245
_a
JIT fatory revolution
260
_b
Production Pres Inc
_a
Cambridge
_c
1988
082
_a
658.5
_b
HIR
300
_a
208
546
_a
ENGLISH
999
_c
29497
_d
29497